[Event "POL-chT U20 2nd League"]
[Site "Sypniewo"]
[Date "2025.06.25"]
[Round "8.33"]
[White "Wasiluk, Dominik"]
[Black "Pelczarski, Wojciech"]
[Result "1-0"]
[WhiteElo "1802"]
[BlackElo "1773"]
[PlyCount "97"]
[EventDate "2025.06.18"]
[EventType "team-swiss"]
[EventRounds "9"]
[EventCountry "POL"]
[SourceTitle "CB27_2025"]
[SourceDate "2025.07.02"]
[SourceVersion "1"]
[SourceVersionDate "2025.07.02"]
[SourceQuality "1"]
[WhiteTeam "Bielany Bakcyl"]
[BlackTeam "Wrocław Hetman"]
[WhiteTeamCountry "POL"]
[BlackTeamCountry "POL"]

1. e4 c6 2. d4 d5 3. Nc3 dxe4 4. Nxe4 Nf6 5. Nxf6+ exf6 6. c3 Bd6 7. Bd3 0-0 8. Qc2 Re8+ 9. Ne2 h6 10. 0-0 Qc7 11. h3 Nd7 12. Be3 b6 13. Rad1 Bb7 14. Be4 Nf8 15. Rfe1 Rad8 16. a3 Ne6 17. h4 Nf4 18. Nxf4 Bxf4 19. Bxf4 Qxf4 20. g3 Qd6 21. Qd3 Re7 22. Qf3 Rde8 23. Re3 g6 24. g4 Kg7 25. b4 Re6 26. b5 Qxa3 27. bxc6 Bc8 28. d5 Rd6 29. Rde1 Re5 30. c4 Qc5 31. Bd3 Rxe3 32. Rxe3 b5 33. Qf4 bxc4 34. Bxc4 Qb4 35. Rb3 Qe1+ 36. Kg2 Rd8 37. d6 Rxd6 38. Qxd6 Qe4+ 39. f3 Qxc4 40. Rb2 Ba6 41. Rf2 Bc8 42. Kg3 Qc1 43. Kh2 Qe1 44. Qd4 Qc1 45. Qe4 Qc5 46. Rd2 Be6 47. Kg2 Bb3 48. Rd7 Ba4 49. Qxa4 1-0

[Event "POL-chT U20 2nd League"]
[Site "Sypniewo"]
[Date "2025.06.22"]
[Round "5.75"]
[White "Pelczarski, Wojciech"]
[Black "Grzybowski, Sebastian1"]
[Result "1-0"]
[WhiteElo "1773"]
[BlackElo "1774"]
[PlyCount "81"]
[EventDate "2025.06.18"]
[EventType "team-swiss"]
[EventRounds "9"]
[EventCountry "POL"]
[SourceTitle "CB27_2025"]
[SourceDate "2025.07.02"]
[SourceVersion "1"]
[SourceVersionDate "2025.07.02"]
[SourceQuality "1"]
[WhiteTeam "Wrocław Hetman"]
[BlackTeam "Wieliczka II"]
[WhiteTeamCountry "POL"]
[BlackTeamCountry "POL"]

1. Nf3 d5 2. b3 Nf6 3. Bb2 c5 4. e3 Nc6 5. d4 cxd4 6. exd4 Bg4 7. Bd3 e6 8. h3 Bh5 9. 0-0 Bd6 10. Nbd2 0-0 11. a3 Rc8 12. Re1 Ne7 13. c4 Bg6 14. Bxg6 Nxg6 15. Ne5 Bxe5 16. dxe5 Ne8 17. cxd5 Qxd5 18. Nc4 Qb5 19. a4 Qc6 20. Ba3 Nf4 21. Ne3 Nc7 22. Bxf8 Rxf8 23. Qd6 Qxd6 24. exd6 Ncd5 25. Nxd5 Nxd5 26. Rac1 Rd8 27. Rc7 b6 28. Rxa7 Kf8 29. Rc1 g6 30. Rc6 Kg7 31. g3 e5 32. b4 Kf6 33. a5 bxa5 34. bxa5 Ke6 35. a6 Nf6 36. d7+ Ke7 37. Rb7 Nxd7 38. Rcc7 Kd6 39. Rxd7+ Rxd7 40. Rxd7+ Kxd7 41. a7 1-0

[Event "Katowice rapid op"]
[Site "Katowice"]
[Date "2025.05.31"]
[Round "6"]
[White "Pelczarski, Wojciech"]
[Black "Pycinski, Wladyslaw"]
[Result "0-1"]
[WhiteElo "1905"]
[BlackElo "2263"]
[PlyCount "104"]
[EventDate "2025.05.31"]
[EventType "swiss"]
[EventRounds "11"]
[EventCountry "POL"]
[SourceTitle "CB24_2025"]
[SourceDate "2025.06.11"]
[SourceVersion "1"]
[SourceVersionDate "2025.06.11"]
[SourceQuality "1"]

1. d4 d5 2. Nf3 Nf6 3. Bf4 e6 4. e3 c5 5. c3 Nc6 6. Bd3 Qb6 7. Qc1 Be7 8. Nbd2 Bd7 9. 0-0 0-0 10. Ne5 Rfd8 11. Nxc6 Bxc6 12. Be5 Ne4 13. Bxe4 dxe4 14. Nc4 Qa6 15. b3 Bb5 16. Qc2 Bxc4 17. bxc4 f6 18. Bg3 f5 19. Qb3 Rac8 20. Rab1 b6 21. Rfc1 Kh8 22. h3 h6 23. Rc2 Kh7 24. Rbc1 Bf6 25. Qb5 Qb7 26. a4 Qe7 27. a5 bxa5 28. Qxa5 e5 29. dxe5 Bxe5 30. Bxe5 Qxe5 31. Qxa7 Rc7 32. Qa1 Rcd7 33. Re1 Rd3 34. Qa3 Rd1 35. Rc1 R1d2 36. Qa7 R8d7 37. Qa8 R7d6 38. Qb8 Rxf2 39. Qxd6 Rxg2+ 40. Kxg2 Qxd6 41. Red1 Qg6+ 42. Kh2 Qg5 43. Re1 f4 44. exf4 Qxf4+ 45. Kg2 Qf3+ 46. Kh2 Qf2+ 47. Kh1 Qg3 48. Re2 Qxh3+ 49. Rh2 Qf3+ 50. Rg2 h5 51. Re1 g5 52. Kg1 g4 0-1

[Event "Wroclaw Anderssen Memorial op"]
[Site "Wroclaw"]
[Date "2024.08.15"]
[Round "5"]
[White "Gora, Antoni"]
[Black "Pelczarski, Wojciech"]
[Result "1/2-1/2"]
[WhiteElo "1663"]
[BlackElo "1690"]
[PlyCount "73"]
[EventDate "2024.08.15"]
[EventType "swiss (blitz)"]
[EventRounds "9"]
[EventCountry "POL"]
[SourceTitle "CBM 221 Extra"]
[Source "ChessBase"]
[SourceDate "2024.09.30"]
[SourceVersion "1"]
[SourceVersionDate "2024.09.30"]
[SourceQuality "1"]

1. e4 e6 2. d4 d5 3. Nc3 Bb4 4. e5 c5 5. a3 Bxc3+ 6. bxc3 c4 7. Qg4 g6 8. Nf3 Qa5 9. Bd2 Qa4 10. Be2 Ne7 11. 0-0 Nbc6 12. Rfb1 b6 13. Bh6 Nf5 14. Bg5 Bd7 15. Bf6 Rg8 16. Ng5 h6 17. Nf3 Nce7 18. Nh4 g5 19. Nxf5 exf5 20. Qf3 Be6 21. g3 f4 22. g4 Nc6 23. Rb2 Kd7 24. Qg2 Rae8 25. Qh3 Rg6 26. Bf3 Kc7 27. Bg2 a6 28. Qf3 b5 29. h3 Rgg8 30. Qd1 Rg6 31. Qe1 Reg8 32. Qd1 Re8 33. Qe1 Rf8 34. Qd1 Rfg8 35. Qe2 Re8 36. Qd1 Qa5 37. Rb4 1/2-1/2

[Event "Wroclaw Anderssen Memorial op"]
[Site "Wroclaw"]
[Date "2024.08.15"]
[Round "6"]
[White "Pelczarski, Wojciech"]
[Black "Matzner, Radomil"]
[Result "0-1"]
[WhiteElo "1690"]
[BlackElo "1856"]
[PlyCount "90"]
[EventDate "2024.08.15"]
[EventType "swiss (blitz)"]
[EventRounds "9"]
[EventCountry "POL"]
[SourceTitle "CBM 221 Extra"]
[Source "ChessBase"]
[SourceDate "2024.09.30"]
[SourceVersion "1"]
[SourceVersionDate "2024.09.30"]
[SourceQuality "1"]

1. d4 d5 2. c4 dxc4 3. e3 Nf6 4. Bxc4 e6 5. Nf3 Be7 6. Nc3 0-0 7. 0-0 a6 8. Bd3 c5 9. Bd2 cxd4 10. exd4 Nc6 11. Be3 Nb4 12. Bb1 b5 13. a3 Nbd5 14. Ne5 Nxe3 15. fxe3 Bb7 16. Qd3 g6 17. Bc2 Rc8 18. Rad1 b4 19. axb4 Bxb4 20. h3 Bxc3 21. bxc3 Be4 22. Qd2 Bxc2 23. Qxc2 Nd5 24. Rf3 Rxc3 25. Qf2 f5 26. Rf1 Qc7 27. e4 Rxf3 28. Qxf3 Nc3 29. Kh1 Nxe4 30. Qb3 Qd6 31. Kh2 Rb8 32. Qa2 Rb4 33. Qa5 Rxd4 34. Rc1 Rd5 35. Rc8+ Kg7 36. Qc7+ Qxc7 37. Rxc7+ Kf6 38. Nd7+ Kg5 39. Nf8 e5 40. Nxh7+ Kf4 41. Rb7 Rd1 42. Rb3 Rf1 43. Ra3 a5 44. Rxa5 Ng3 45. Ra4+ e4 0-1